000
00437nam a2200133Ia 4500
008
100328s9999 xx 000 0 und d
082
_b
26110
100
_a
जागीरदार गजानन
245
_a
अभिनय कसा करावा
260
_b
इंडीया बुक कं.
630
_a
अभिनय कसा करावा
730
_a
अभिनय कसा करावा
942
_c
BOOK
999
_c
518611
_d
518608